000 01078nam a2200277 a 4500
999 _c183062
_d183062
003 BLK
005 20240405095142.0
008 180411b bul|||||r ||||||| ||bul||
010 _aKNG00191988000
040 _aBLK
041 _aBUL
_cBUL
080 _aБългарска литература
_b821.163.2
_x-1
_z821.163.2-1
100 1 _aГерманов, Андрей Димитров
_d1932-1981
_953612
139 _aГерманов, Андрей Димитров
_bГ 40
245 1 0 _aСтихотворения
_cАндрей Димитров Германов; худож. Румен Скорчев.
257 _aBGR
260 _aСофия
_bНар. младеж
_c1973
300 _a216 с.
_bс ил., 1 л. портр.
_c21 см
380 _aX
490 _aПоредица Поколение
_9205271
700 _aСкорчев, Румен Денев
_d1932 - 2015
_gХудожник.
_9244097
852 _aЦб 68732
_bЦб
942 _cKNG
_n0
_s1
944 _aCR
_c07.10.2016
_k30560
_lГеновева Генчева
944 _aED
_c2022-08-04
_kГГГ